[Event "HUN-chT2 Szechenyi 1819"]
[Site "Hungary"]
[Date "2018.12.02"]
[Round "3.7"]
[White "Havasi, Jozsef"]
[Black "Domonkos, Andras"]
[Result "0-1"]
[WhiteElo "1676"]
[BlackElo "1947"]
[PlyCount "62"]
[EventDate "2018.10.28"]
[EventType "team-tourn"]
[EventRounds "9"]
[EventCountry "HUN"]
[SourceTitle "EXT 2021"]
[Source "ChessBase"]
[SourceDate "2020.10.23"]
[SourceVersion "1"]
[SourceVersionDate "2020.10.23"]
[SourceQuality "1"]
[WhiteTeam "Sarvar"]
[BlackTeam "Veszprem Ezust Huszar"]
[WhiteTeamCountry "HUN"]
[BlackTeamCountry "HUN"]

1. e4 c5 2. f4 Nc6 3. Nf3 d6 4. Bb5 Bd7 5. Bxc6 Bxc6 6. d3 e6 7. 0-0 Nf6 8. h3 Be7 9. Be3 0-0 10. Nbd2 h6 11. g4 Nh7 12. Qe2 f5 13. gxf5 exf5 14. e5 Kh8 15. Kh2 g5 16. Rg1 Rg8 17. fxg5 hxg5 18. d4 g4 19. hxg4 fxg4 20. Ne1 Qe8 21. Kg3 dxe5 22. dxc5 Nf6 23. Qh2+ Nh5+ 24. Kf2 g3+ 25. Rxg3 Rxg3 26. Nef3 Bxf3 27. Nxf3 Qf7 28. Qxg3 Nxg3 29. Kxg3 Rg8+ 30. Kf2 Bh4+ 31. Ke2 Rg2+ 0-1

[Event "HUN-chT2 Szechenyi 1617"]
[Site "Hungary"]
[Date "2017.01.29"]
[Round "7.9"]
[White "Havasi, Jozsef"]
[Black "Kiss, Zoltan4444"]
[Result "0-1"]
[WhiteElo "1696"]
[BlackElo "1841"]
[PlyCount "70"]
[EventDate "2016.09.25"]
[EventType "team-tourn"]
[EventRounds "11"]
[EventCountry "HUN"]
[SourceTitle "EXT 2021"]
[Source "ChessBase"]
[SourceDate "2020.10.23"]
[SourceVersion "1"]
[SourceVersionDate "2020.10.23"]
[SourceQuality "1"]
[WhiteTeam "Sarvar"]
[BlackTeam "Papa"]
[WhiteTeamCountry "HUN"]
[BlackTeamCountry "HUN"]

1. e4 c5 2. f4 Nc6 3. Nf3 d6 4. Bb5 Bd7 5. Bxc6 Bxc6 6. d3 e6 7. 0-0 Be7 8. Be3 Nf6 9. h3 0-0 10. Nbd2 h6 11. g4 Nh7 12. Qe2 f5 13. Nh2 d5 14. e5 d4 15. Bf2 Qd5 16. Nhf3 fxg4 17. hxg4 Rxf4 18. Bg3 Rxg4 19. Kh2 Rf8 20. Ne4 Qd8 21. Nfd2 h5 22. Nf2 Rg6 23. Nh3 Bh4 24. Rxf8+ Nxf8 25. Nf1 Qd5 26. Qe4 Qxe4 27. dxe4 Bxe4 28. Nf4 Bxg3+ 29. Nxg3 Rg4 30. Nfxh5 Ng6 31. Re1 Bxc2 32. Kh3 Rh4+ 33. Kg2 d3 34. Re4 d2 35. Rxh4 Nxh4+ 0-1

[Event "HUN-chT2 Szechenyi 1314"]
[Site "Hungary"]
[Date "2014.03.23"]
[Round "9.12"]
[White "Havasi, Jozsef"]
[Black "Domotor, Istvan"]
[Result "1-0"]
[WhiteElo "1870"]
[BlackElo "1445"]
[PlyCount "96"]
[EventDate "2013.09.08"]
[EventType "team-tourn"]
[EventRounds "11"]
[EventCountry "HUN"]
[SourceTitle "EXT 2016"]
[Source "ChessBase"]
[SourceDate "2015.10.08"]
[SourceVersion "1"]
[SourceVersionDate "2015.10.08"]
[SourceQuality "1"]
[WhiteTeam "Sarvar"]
[BlackTeam "Arboretum"]
[WhiteTeamCountry "HUN"]
[BlackTeamCountry "HUN"]

1. e4 e6 2. f4 Nc6 3. d4 d6 4. Nf3 e5 5. d5 Nd4 6. Nxd4 exd4 7. Qxd4 Qf6 8. Qe3 Bd7 9. Nc3 a6 10. Bc4 Ne7 11. 0-0 Ng6 12. Bd2 b5 13. Bb3 Qd8 14. Rae1 Be7 15. Ne2 0-0 16. Bc3 Bf6 17. Bxf6 Qxf6 18. c3 Rfe8 19. Nd4 Qd8 20. Bc2 Rc8 21. h3 c6 22. Qf2 Qh4 23. dxc6 Qxf2+ 24. Rxf2 Bxc6 25. g4 Ne7 26. h4 Nd5 27. g5 Bd7 28. Bb3 Nb6 29. Rfe2 Nc4 30. Bxc4 Rxc4 31. a3 a5 32. Re3 Rec8 33. e5 dxe5 34. Rxe5 b4 35. Nf5 Kf8 36. Nd6 bxc3 37. bxc3 a4 38. Nxc8 Rxc8 39. R1e3 Rc4 40. Rd5 Be6 41. Rd4 Rxd4 42. cxd4 g6 43. Re5 Kg7 44. d5 Bc8 45. d6 Be6 46. Ra5 Kf8 47. Ra8+ Kg7 48. Rxa4 h6 1-0

[Event "HUN-chT2 Szechenyi 1314"]
[Site "Hungary"]
[Date "2013.11.17"]
[Round "5.10"]
[White "Toth, Laszlo3333"]
[Black "Havasi, Jozsef"]
[Result "0-1"]
[WhiteElo "1761"]
[BlackElo "1870"]
[PlyCount "134"]
[EventDate "2013.09.08"]
[EventType "team-tourn"]
[EventRounds "11"]
[EventCountry "HUN"]
[SourceTitle "EXT 2016"]
[Source "ChessBase"]
[SourceDate "2015.10.08"]
[SourceVersion "1"]
[SourceVersionDate "2015.10.08"]
[SourceQuality "1"]
[WhiteTeam "Zala Volan"]
[BlackTeam "Sarvar"]
[WhiteTeamCountry "HUN"]
[BlackTeamCountry "HUN"]

1. e4 e5 2. Nf3 Nc6 3. Bc4 Nf6 4. d3 h6 5. 0-0 Bc5 6. b4 Bxb4 7. c3 Be7 8. Ba3 0-0 9. Bxe7 Qxe7 10. Nh4 Kh7 11. Nf5 Qe8 12. f4 d6 13. fxe5 Nxe5 14. Bb3 Bxf5 15. Rxf5 Qe7 16. Bc2 g6 17. Rf4 Nh5 18. Rf2 Qg5 19. Qf1 Kg7 20. Nd2 Ng4 21. Re2 Qc5+ 22. Kh1 Qxc3 23. Rc1 Qa5 24. Nc4 Qg5 25. Rce1 Rae8 26. g3 b5 27. Nd2 f5 28. Qg2 f4 29. Nf3 Qf6 30. e5 Nxe5 31. g4 Nxf3 32. Qxf3 Rxe2 33. Rxe2 Qa1+ 34. Kg2 Nf6 35. Bb3 Qd4 36. Re7+ Kh8 37. Qh3 h5 38. gxh5 Nxh5 39. Qf3 Qf6 40. Re6 Qg5+ 41. Kh1 Kg7 42. Qe4 f3 43. Qd4+ Nf6 44. Re7+ Kh6 45. Qf2 Ng4 46. Qf1 Qh4 47. Qc1+ g5 48. Qb2 Qxh2+ 49. Qxh2+ Nxh2 50. Re6+ Kh5 51. Re7 f2 52. Bd1+ Kh4 53. Kxh2 g4 54. Rh7+ Kg5 55. Be2 f1Q 56. Bxf1 Rxf1 57. Rxc7 Rf2+ 58. Kg1 Rd2 59. Rc6 Kf4 60. Rxd6 Kg3 61. Kf1 a5 62. d4 b4 63. d5 b3 64. Re6 b2 65. Re3+ Kf4 66. Rb3 Rd1+ 67. Ke2 b1Q 0-1

[Event "HUN-chT2 Szechenyi 1314"]
[Site "Hungary"]
[Date "2013.10.20"]
[Round "3.11"]
[White "Havasi, Jozsef"]
[Black "Horvath, Lajos1111"]
[Result "1-0"]
[WhiteElo "1870"]
[BlackElo "1821"]
[PlyCount "77"]
[EventDate "2013.09.08"]
[EventType "team-tourn"]
[EventRounds "11"]
[EventCountry "HUN"]
[SourceTitle "EXT 2016"]
[Source "ChessBase"]
[SourceDate "2015.10.08"]
[SourceVersion "1"]
[SourceVersionDate "2015.10.08"]
[SourceQuality "1"]
[WhiteTeam "Sarvar"]
[BlackTeam "Keszthely Spartacus"]
[WhiteTeamCountry "HUN"]
[BlackTeamCountry "HUN"]

1. e4 e6 2. f4 d5 3. e5 c5 4. Bb5+ Bd7 5. Bxd7+ Qxd7 6. Nf3 h6 7. c3 Ne7 8. 0-0 Ng6 9. d4 Nc6 10. a3 a5 11. Be3 cxd4 12. cxd4 Be7 13. g3 Rc8 14. Nc3 0-0 15. Qd3 b6 16. Rae1 Na7 17. h4 Bd8 18. h5 Ne7 19. g4 f5 20. exf6 gxf6 21. Kh1 e5 22. dxe5 Nec6 23. exf6 Rxf6 24. Rd1 Kh8 25. Rg1 Bc7 26. Qd2 Rg8 27. f5 Ne5 28. Nxe5 Bxe5 29. Bd4 Nc6 30. Bxe5 Nxe5 31. Qf4 Nf7 32. Rxd5 Qc6 33. Kh2 Ng5 34. Rgd1 Rg7 35. R1d3 Re7 36. Rd6 Rxd6 37. Rxd6 Qc5 38. Rxh6+ Rh7 39. Qb8+ 1-0